书目信息 |
| 题名: |
广告范例与鉴赏
|
|
| 作者: | 张瑛 主编 | |
| 分册: | ||
| 出版信息: | 贵阳 贵州科学技术出版社 1995.03 |
|
| 页数: | 497页 | |
| 开本: | 32开 | |
| 丛书名: | ||
| 单 册: | ||
| 中图分类: | F713.8 | |
| 科图分类: | ||
| 主题词: | 商业经济--国内 | |
| 电子资源: | ||
| ISBN: | 7-80584-425-9 | |
| 000 | 00562nam0 2200193 45 | |
| 001 | 0010021555 | |
| 005 | 20001002154456.8 | |
| 010 | @a7-80584-425-9@d23.00元 | |
| 100 | @a20001002d1995 km y0chiy0120 ea | |
| 101 | 0 | @achi |
| 105 | @a z 000yy | |
| 200 | 1 | @a广告范例与鉴赏@AGuang Gao Fan Li Yu Jian Shang@f张瑛 主编@FZhang Ying Zhu Bian |
| 210 | @a贵阳@c贵州科学技术出版社@d1995.03 | |
| 215 | @a497页@d32开 | |
| 606 | 0 | @a商业经济@x国内 |
| 690 | @aF713.8@v3 | |
| 701 | 0 | @a张瑛@4主编 |
| 801 | @aCN@bPftUser@c20001002 | |
| 905 | @b162418-427@dF713.8@eZH.543@f10 | |
| 广告范例与鉴赏/张瑛 主编.-贵阳:贵州科学技术出版社,1995.03 |
| 497页;32开 |
| ISBN 7-80584-425-9:23.00元 |
| ● |
| 相关链接 |
|
|
|
正题名:广告范例与鉴赏
索取号:F713.8/ZH.543
 
预约/预借
| 序号 | 登录号 | 条形码 | 馆藏地/架位号 | 状态 | 备注 |
| 1 | 162418 | 201624180 | 社科库409/422社科库 36排4列2层/ [索取号:F713.8/ZH.543] | 在馆 | |
| 2 | 162419 | 201624199 | 社科二线422/422社科库 3排2列1层/ [索取号:F713.8/ZH.543] | 在馆 | |
| 3 | 162420 | 201624206 | 社科库409/422社科库 36排4列2层/ [索取号:F713.8/ZH.543] | 在馆 | |
| 4 | 162421 | 201624215 | 社科库409/409社科库 44排5列5层/ [索取号:F713.8/ZH.543] | 在馆 | |
| 5 | 162422 | 201624224 | 社科库409/422社科库 36排4列2层/ [索取号:F713.8/ZH.543] | 在馆 | |
| 6 | 162423 | 201624233 | 社科库409/ [索取号:F713.8/ZH.543] | 在馆 | |
| 7 | 162424 | 201624242 | 社科库409/400B社科库 2排1列4层/ [索取号:F713.8/ZH.543] | 在馆 | |
| 8 | 162425 | 201624251 | 管理学院资料室/ [索取号:F713.8/ZH.543] | 在馆 | |
| 9 | 162426 | 201624260 | 社科二线422/422社科库 3排2列1层/ [索取号:F713.8/ZH.543] | 在馆 | |
| 10 | 162427 | 201624279 | 管理学院资料室/ [索取号:F713.8/ZH.543] | 在馆 |